Hampi : discover the splendours of Vijayanagar (Record no. 5588)

MARC details
000 -LEADER
fixed length control field 00455 a2200169 4500
001 - CONTROL NUMBER
control field 131050
003 - CONTROL NUMBER IDENTIFIER
control field OSt
005 - DATE AND TIME OF LATEST TRANSACTION
control field 20210907125320.0
008 - FIXED-LENGTH DATA ELEMENTS--GENERAL INFORMATION
fixed length control field
082 ## - DEWEY DECIMAL CLASSIFICATION NUMBER
Classification number 954.87
Item number G95H
100 1# - MAIN ENTRY--PERSONAL NAME
Personal name Subhadrasen, Gupta
245 1# - TITLE STATEMENT
Title Hampi : discover the splendours of Vijayanagar
Statement of responsibility, etc by Gupta Subhadrasen
260 ## - PUBLICATION, DISTRIBUTION, ETC. (IMPRINT)
Place of publication, distribution, etc Delhi
Name of publisher, distributor, etc Niyogi books
Date of publication, distribution, etc 2010
300 ## - PHYSICAL DESCRIPTION
Extent 262p.
690 ## - LOCAL SUBJECT ADDED ENTRY--TOPICAL TERM (OCLC, RLIN)
Topical term or geographic name as entry element Hampi; Architecture; Vijaynagar
942 ## - ADDED ENTRY ELEMENTS (KOHA)
Source of classification or shelving scheme Dewey Decimal Classification
Koha item type Books
Holdings
Withdrawn status Lost status Source of classification or shelving scheme Damaged status Not for loan Collection code Home library Current library Date acquired Source of acquisition Cost, normal purchase price Full call number Barcode Date last seen Price effective from Koha item type Total Checkouts
    Dewey Decimal Classification     General Text Book Central University Of Rajasthan Central University Of Rajasthan 08/06/2012 ARC 995.00 954.87 G95H 7125 21/11/2024 02/09/2020 Books  
    Dewey Decimal Classification     General Text Book Central University Of Rajasthan Central University Of Rajasthan 30/10/2024 ARC   954.87 G95H 38460 30/10/2024 30/10/2024 Books  
    Dewey Decimal Classification     General Text Book Central University Of Rajasthan Central University Of Rajasthan 30/10/2024 ARC   954.87 G95H 38461 30/10/2024 30/10/2024 Books